MDQL
is popping MORE tags! Check the
thread
!
Quizzes
Events
Quiz Creation
Community
Videos
Private Events
Remove Ads
Sign In
Join for FREE
Feedback
Dark Mode
Quiz Categories
Sports
Geography
Music
Movies
Television
Just For Fun
Miscellaneous
History
Literature
Language
Science
Gaming
Entertainment
Religion
Holiday
For Kids
Quiz Lab
Recent
Popular Today
Quiz Kudos Today
Editor Picks
Curator Picks
Quizzes by...
Day
Popularity
Type
Ratings
Length
Year
Community
Subscriptions
Recent Discussions
Orange Saloon
Badges
Playlists
Quests
Create
Leaderboards
Showdown
Live 5
Trivia Bingo
Activity
Puzzle Library
Sporcle Events
Private Events
Virtual Trivia
Globe League
Become a Host
Pub Owners
SporcleCon
Opinionation
Our Games
Videos
Blog
Mobile Apps
Partnerships
Remove Ads and Go Orange
Feedback
Sports
Athletes
MLB
NBA
NHL
NFL
Soccer
Sports Teams
WWE
NCAA
Football
Premier League
Basketball
Baseball
Hockey
Golf
Tennis
Cricket
Rugby
Auto Racing
Olympics
World Cup
Sports
Athletes
MLB
NBA
NHL
NFL
Soccer
Sports Teams
WWE
NCAA
Football
Premier League
Basketball
Baseball
Hockey
Golf
Tennis
Cricket
Rugby
Auto Racing
Olympics
World Cup
Random Quiz
Search Sporcle
×
Quiz Lab
Quiz Lab
Sports
goal
Type in answers that appear in a list
Type in answers that appear in a list
Classic
Best Score? Go Orange.
Sabres Playoff Overtime Goals Stats
Can you name the Sabres Playoff Overtime Goal Scorers?
By
kemcdin2003
8m
31 Questions
248 Plays
248 Plays
248 Plays
Comments
Comments
Give Quiz Kudos
Give Quiz Kudos
-
- Ratings
hide this ad
Replay
Link that replays current quiz
Next Quiz
Link to next quiz in quiz playlist
You Got
0%
They Got
Avg Score
55%
Avg Friend Score
Upgrade to see
Score Distribution
Jump to the score distribution portion of the page
Score
0/31
Timer
08:00
0
Plays Today
1970-present
% Correct
2006 1st Round Game 1 vs. PHI
Daniel Briere
87.9%
2006 3rd Round Game 6 vs. CAR
Daniel Briere
87.9%
2006 2nd Round Game 1 @ OTT
Chris Drury
85.8%
2006 2nd Round Game 5 @ OTT
Jason Pominville
84.2%
1993 1st Round Game 4 vs. BOS
Brad May
80.2%
1973 1st Round Game 5 @ MTL
Rene Robert
73.7%
1975 2nd Round Game 5 vs. MTL
Rene Robert
73.7%
1975 Stanley Cup Final Game 3 vs. PHI
Rene Robert
73.7%
2007 2nd Round Game 5 vs. NYR
Maxim Afinogenov
72.9%
1999 1st Round Game 2 @ OTT
Miroslav Satan
70.9%
1975 2nd Round Game 1 vs. MTL
Danny Gare
64.4%
1976 1st Round Game 2 vs. STL
Danny Gare
64.4%
1976 2nd Round Game 3 vs. NYI
Danny Gare
64.4%
2000 1st Round Game 4 vs. PHI
Stu Barnes
60.7%
2001 2nd Round Game 5 vs. PIT
Stu Barnes
60.7%
1997 1st Round Game 7 vs. OTT
Derek Plante
60.3%
1970-present
% Correct
2006 2nd Round Game 3 vs. OTT
JP Dumont
59.5%
1998 2nd Round Game 3 @ MTL
Michael Peca
59.1%
1999 Stanley Cup Final Game 1@ DAL
Jason Wooley
56.3%
1994 1st Round Game 6 vs. NJD
Dave Hannan
53%
2001 1st Round Game 4 vs. PHI
Curtis Brown
48.6%
2001 1st Round Game 2 @ PHI
Jay McKee
48.2%
1998 1st Round Game 5 @ PHI
Michael Grosek
45.7%
1998 2nd Round Game 1 vs. MTL
Geoff Sanderson
33.2%
1976 1st Round Game 3 vs. STL
Don Luce
31.6%
1981 2nd Round Game 4 @ MIN
Craig Ramsay
30%
1988 1st Round Game 4 vs BOS
John Tucker
22.7%
1993 1st Round Game 1 @ BOS
Bob Sweeney
19.8%
1997 2nd Round Game 4 @ PHI
Ed Ronan
18.2%
1993 1st Round Gmae 3 vs. BOS
Yuri Khmylev
15%
1981 1st Round Game 1 vs. VAN
Alan Haworth
4.9%
Quiz Playlist
Details
Report
Send in Message
Add To Playlist
Classic:
Type in answers that appear in a list
Last Updated: Feb 16, 2017
Quiz Scoreboard
CHALLENGE
Sign Up to Join the Scoreboard
Show All
Scores
Hide
Comments
May contain spoilers
Recently Published
Street Fighter Characters
by Artimus82
Gaming
60s
9x9 Crossword: Cartoon Network
by jackfrog10
Miscellaneous
3m
College Basketball Coaching Resumes
by pancakes188
Sports
9m
More to Explore
Quiz From the Vault
Featured Blog Post
Where Did the Easter Bunny Come From?
hide this ad
You Might Also Like...
Tags
1970s
Buffalo Sabres
goal
Overtime
Overtime Goal
Playoff
Scorer
Today's Top Quizzes in Sports
Browse Sports
hide this ad
Today's Top Quizzes in goal
Browse goal
Top Contributed Quizzes in Sports
1
2022 World Cup Stars
2
Les meilleurs buteurs des matchs entre le PSG et l’OM
3
FIFA Club World Cup Champions
4
Les entraîneurs de l'OM et du PSG au 21e siècle
5
Criteria MLB: Left Handed Sluggers
6
2023 MLB Unique Player Accomplishments
7
AFC Teams Reveal (Wrong Answers Minefield)
8
5-to-1: FBS Animal Nicknames
9
Players with Multiple 50 Home Run Seasons
10
5-to-1: UK Sports Teams
Explore More
Trending Topics
NBA
Anime
Crossword
Disney
Harry Potter
Kpop
Marvel
Song
Country
Soccer
WWE
Pokémon
Puzzle
NFL
The Office
hide this ad
More By:
kemcdin2003
Quiz
Plays
Rating
Category
Featured
Created
Sabres Playoff Overtime Goals
248
5.00
Sports
Oct 12, 2009
Go to Creator's Profile
Score Distribution
Quiz Creator Spotlight
kemcdin2003
Follow
Send a Message
Quizzes Created
-
Created Quiz Play Count
-
More By This Creator
Popular Quizzes Today
1
Find the US States - No Outlines Minefield
2
Find the Countries of Europe - No Outlines Minefield
3
The Countries of the World
4
Find the US States
5
Risky Map Clicking: Biggest States A-Z
6
US States
7
Popular People in 1961
8
Movies - When Are They Set?
More Sports Quizzes
Ten Tennis Players - France
Quiz Lab
Trending Quizzes
Risky Map Clicking: Least Populous States A-Z
Countries of the World: 200 Million BC
1-10 Letter G Words
Risky Map Clicking: Next State Alphabetically
Adjectives in 80s TV Shows
Recently Updated
Leaping Animals
pecheneg
Reality TV Shows (A-Z)
bhenderson79
Rickey Henderson's Hall of Fame Teammates
pecheneg
Champions League XIs: Arsenal
pecheneg
Quick Pick: Celebrities in WWE's Hall of Fame
aduchscher
A-Z Keypad Blitz II
pecheneg
Multiple Oscar Actors
pecheneg
Mystery Phrase Blitz: Oscar 'Best Actors'
pecheneg
F. Scott Fitzgerald Novels
LTH
Pick 3 Villains
ddd62291
Trending Topics
Kpop
Marvel
Harry Potter
Disney
Anime
Crossword
NBA
The Office
Song
Country
Puzzle
WWE
Pokémon
Soccer
NFL
Your Account Isn't Verified!
In order to create a playlist on Sporcle, you need to verify the email address you used during registration. Go to your
Sporcle Settings
to finish the process.
Report this User
Report this user for behavior that violates our
Community Guidelines
.
Details:
Send Report
Go to the Sporcle.com Mobile Site →
Comments